The last house on the left /

When athletic teen Mari Collingwood opts to hang out with her friend Paige in town rather than spend an evening in with her parents vacationing at the family's remote lake house, it marks the beginning of a night no one is going to forget. The two girls wind up in the company of escaped convict...

Full description

Bibliographic Details
Uniform Title:Last house on the left (Motion picture : 2009)
Other Authors: Alleca, Adam, 1983- (Screenwriter), Ellsworth, Carl (Screenwriter), Dillahunt, Garret, 1964- (Actor), Potter, Monica (Actor), Goldwyn, Tony (Actor), Paxton, Sara (Actor)
Format: Video Blu-ray Disc
Language:English
Language Notes:Subtitled for the deaf and hard of hearing (SDH).
Published: [United States] : Arrow Video, [2023]
Edition:Blu-ray limited edition.
Subjects:

MARC

Tag First Indicator Second Indicator Subfields
LEADER 00000ngm a2200000 i 4500
001 in00004751663
008 230908p20232009xxu114 e vleng d
007 vd csaizq
005 20231110194200.8
035 |a (OCoLC)on1396608583 
040 |a Y2A  |c Y2A  |b eng  |d OCLCO 
024 1 |a 760137131502 
035 |a (OCoLC)1396608583 
090 |a PN1995.9.H6  |b L3725 2023 
130 0 |a Last house on the left (Motion picture : 2009) 
245 1 4 |a The last house on the left /  |c Rogue Pictures presents a Craven/Cunningham/Maddalena production ; screenplay by Adam Alleca and Carl Elsworth ; directed by Dennis Iliadis ; produced by Wes Craven, Sean Cunningham, Marianne Maddalena. 
250 |a Blu-ray limited edition. 
264 1 |a [United States] :  |b Arrow Video,  |c [2023] 
300 |a 2 videodiscs (114 min.) :  |b sound, color ;  |c 4 3/4 in. +  |e 1 booklet. 
336 |a two-dimensional moving image  |b tdi  |2 rdacontent 
337 |a video  |b v  |2 rdamedia 
338 |a videodisc  |b vd  |2 rdacarrier 
344 |a digital  |2 rdatr 
344 |b optical  |2 rdarm 
344 |h DTS-HD Master Audio 
347 |a video file  |2 rdaft 
347 |b Blu-ray 
347 |e region A  |2 rdare 
380 |a Motion pictures  |2 lcgft 
538 |a Blu-ray, region A; wide screen (Aspect ratio 1.85:1); DTS-HD Master Audio; 1080 Full HD; requires Blu-ray player. 
546 |a Subtitled for the deaf and hard of hearing (SDH). 
500 |a Title from container. 
511 1 |a Garret Dillahunt, Monica Potter, Tony Goldwyn, Sara Paxton. 
508 |a Director of photography, Sharone Meir ; music, John Murphy ; editor, Peter McNulty. 
500 |a Based on the motion picture written and directed by Wes Craven. 
500 |a Originally released as a motion picture in 2009. 
500 |a Includes theatrical version and unrated version. 
500 |a Wide screen (Aspect ratio 1.85:1) 
521 8 |a Not rated. Theatrical version rated R. 
520 |a When athletic teen Mari Collingwood opts to hang out with her friend Paige in town rather than spend an evening in with her parents vacationing at the family's remote lake house, it marks the beginning of a night no one is going to forget. The two girls wind up in the company of escaped convict Krug and his makeshift family of vile career criminals, who kidnap and brutally assault them before leaving them for dead. Fleeing from the scene of their violent crime during a storm, the thugs inadvertently seek refuge with Mari's parents, anxious as to why their daughter hasn't come home yet and primed to unleash the full forces of hell on anyone who would dare to touch so much as a hair on her head. 
500 |a Special features: filmed introduction by director Dennis Iliadis; audio commentary by David Flint and Adrian Smith; A river of blood, a 31-minute interview with Sara Paxton; The notorious Krug, a 27-minute interview with actor Garret Dillahunt; Suspending disbelief, an 18-minute interview with screenwriter Carl Ellsworth; Reviving the legend, a new 33-minute interview with producer Jonathan Craven; Look inside featurette, from the film's original 2009 release; deleted scenes; image gallery. 
650 0 |a Vacations  |z United States  |v Drama. 
650 0 |a Kidnapping victims  |z United States  |v Drama. 
650 0 |a Rape victims  |z United States  |v Drama. 
650 0 |a Murder  |z United States  |v Drama. 
650 0 |a Revenge  |z United States  |v Drama. 
600 1 0 |a Craven, Wes  |v Film adaptations. 
655 7 |a Horror films.  |2 lcgft 
655 7 |a Thrillers (Motion pictures)  |2 lcgft 
655 7 |a Feature films.  |2 lcgft 
655 7 |a Fiction films.  |2 lcgft 
655 7 |a Video recordings for the hearing impaired.  |2 lcgft 
700 1 |a Alleca, Adam,  |d 1983-  |e screenwriter. 
700 1 |a Ellsworth, Carl,  |e screenwriter. 
700 1 |a Iliadis, Dennis,  |e film director. 
700 1 |a Craven, Wes,  |e film producer. 
700 1 |a Cunningham, Sean,  |e film producer. 
700 1 |a Maddalena, Marianne,  |e film producer. 
700 1 |a Dillahunt, Garret,  |d 1964-  |e actor. 
700 1 |a Potter, Monica,  |e actor. 
700 1 |a Goldwyn, Tony,  |e actor. 
700 1 |a Paxton, Sara,  |e actor. 
710 2 |a Rogue Pictures,  |e presenter. 
710 2 |a Raven/Cunningham/Maddalena (Firm),  |e production company. 
710 2 |a Arrow Video (Firm),  |e publisher. 
994 |a Z0  |b TXA 
948 |h NO HOLDINGS IN TXA - 1 OTHER HOLDINGS 
999 f f |s ebda92ee-7265-46ff-85af-59a769e9ee56  |i 8df6b89c-1e61-44d2-b6a2-1b9289f71451  |t 0 
952 f f |p bluray  |a Texas A&M University  |b College Station  |c Sterling C. Evans Library  |d Evans: Media and Reserves (Annex 1st floor)  |t 0  |e PN1995.9.H6 L3725 2023  |h Library of Congress classification  |i video -- videodisc  |m A14852051995 
998 f f |a PN1995.9.H6 L3725 2023  |t 0  |l Evans: Media and Reserves (Annex 1st floor)